000 00218 a2200097 4500
001 44566
100 _aKemp
245 _aGeneral Electrical Engineering
260 _aLondon
_bOdham Press Ltd
_c
090 _c28293
_d28293
942 _aNUST-CAE
_cM
_c20328
999 _c279639
_d279639